000 00586nam a2200205 i 4500
001 8452
003 ES-MaACL
005 20250830100357.0
007 t|
008 920617s1991 sp ||||1| spa d
020 _a84-7615-724-X
080 _a657.37
100 1 _aUrías Valiente, Jesús.
_9112155
245 1 0 _aAnálisis de estados financieros /
_cJesús Urías Valiente.
260 _aMadrid :
_bMcGraw-Hill,
_cD.L. 1991.
300 _aVIII, 350 p. ;
_c24 cm.
650 1 7 _aEstados financieros
_2embne
_912528
852 _aES-MaACL
_jL-15851
_bR.120147
999 _c8452
_d8452